LEADER 01093nam a2200265 i 4500 001 000000038432 003 CaOOAMICUS 005 20181022125222.0 008 110421s1977 it u000 u ita u 013 $a9017 040 $aSeMil$bita 100 1 $aConti, Laura <1921-1993>.$0(OLS)http://semarc/name/18446 245 10$aVisto da Seveso :$bL'evento straordinario e l'ordinaria amministrazione /$cLaura Conti. 260 $aMilano :$bFeltrinelli,$c1977. 300 $a218 p. ;$c21 cm. 490 0 $aAttualità [Feltrinelli] 650 4$aEcologia.$0(OLS)http://semarc/subject/7795 650 4$aSeveso.$0(OLS)http://semarc/subject/7796 830 0$aAttualità.$0(OLS)http://semarc/title/419375 850 $aSeMil 852 $aSeMil$W1$xVenegono$y1$m3XG V 9$j4587$B4587$CSeMilBibl$Z2$F4587 $81 961 $aOmaggio: Biblioteca Seminario Seveso (fino al 1985) 996 $6245$aVisto da Seveso :$bL'evento straordinario e l'ordinaria amministrazione$9(OLS)http://semarc/title/54239 996 $6260$aMilano :$bFeltrinelli$9(OLS)http://semarc/publisher/30237 LEADER 00619nab a2200145 i 4500 001 000000277514 003 CaOOAMICUS 005 20120710000000.0 008 120710n xx uu u0 0und r 013 $a28007 040 $aSeMil$bita 245 12$aL'art à la recontre de la foi :$b2. édition de la Nuit des églises. - Titolo principale dalla copertina [Dossier]. 500 $a1er-15 juillet 2012 (N° 2493). 773 0 $t[2012.$dMontrouge : Bayard, 2012.$w()210239 996 $6245$aL'art à la recontre de la foi :$b2. édition de la Nuit des églises. - Titolo principale dalla copertina [Dossier].$9(OLS)http://semarc/title/362322